Portugal nas Comunidades Europeias 1990 quinto ano

Guardado en:
Detalles Bibliográficos
Formato: Libro
Lenguaje:portugués
Publicado: Lisboa Ministério dos negócios estrangeiros 1991
Materias:
Etiquetas: Agregar Etiqueta
Sin Etiquetas, Sea el primero en etiquetar este registro!

MARC

LEADER 00000nam a2200000 4500
001 c136286
005 20221123102304.2
020 |a 972-9245-12-6 
041 0 |a por 
044 |a PT 
245 1 0 |a Portugal nas Comunidades Europeias 1990  |b quinto ano 
264 1 |a Lisboa  |b Ministério dos negócios estrangeiros  |c 1991 
300 |a vii, 418 s. 
610 2 0 |a Európska únia 
610 2 0 |a Portugalsko 
610 2 0 |a spolupráca hospodárska medzinárodná 
610 2 0 |a situácia hospodárska 
610 2 0 |a obchod medzinárodný 
610 2 0 |a politika 
610 2 0 |a politika hospodárska 
610 2 0 |a kultúra 
610 2 0 |a právo 
610 2 0 |a vzdelanie 
610 2 0 |a priemysel 
610 2 0 |a doprava 
610 2 0 |a poľnohospodárstvo